[Event "Ogolnopolska Olimpiada Mlodziezy C-12"]
[Site "Spala"]
[Date "1899-12-30"]
[Round "6.20"]
[White "Lipiak, Mateusz"]
[Black "Frydrych, Lukasz"]
[Result "1-0"]
[WhiteTitle "I"]
[BlackTitle "II"]
[WhiteElo "1489"]
[BlackElo "1493"]

1. e4 c6 2. d4 d5 3. Nc3 dxe4 4. Nxe4 Nf6 5. Nxf6+ gxf6 6. Bf4 Be6 7. Qd2 Qd5 8.
Bxb8 Rxb8 9. Ne2 Rd8 10. c3 Qa5 11. Ng1 h5 12. Bd3 Rg8 13. f3 Bd5 14. Kf2 a6 15.
Ne2 c5 16. Qe3 c4 17. Bc2 Qc7 18. Ng3 h4 19. Ne4 f5 20. Nf6# 1-0

[Event "Ogolnopolska Olimpiada Mlodziezy C-12"]
[Site "Spala"]
[Date "1899-12-30"]
[Round "6.21"]
[White "Fus, Jakub"]
[Black "Wegrzyniak, Pawel"]
[Result "0-1"]
[WhiteTitle "II"]
[BlackTitle "II+"]
[WhiteElo "1429"]
[BlackElo "1472"]

1. d4 d5 2. c4 e6 3. Nc3 Nf6 4. Bg5 Be7 5. e3 O-O 6. Nf3 h6 7. Bh4 b6 8. Rc1 Bb7
9. cxd5 Nxd5 10. Bxe7 Qxe7 11. Nxd5 Bxd5 12. Bc4 Bb7 13. O-O Nd7 14. Be2 c5 15.
Qa4 e5 16. dxe5 Nxe5 17. Nxe5 Qxe5 18. Qb3 Qd5 19. Qxd5 Bxd5 20. Bc4 Rfd8 21.
f3 Bxc4 22. Rxc4 Rd2 23. Rf2 Rd1+ 24. Rf1 Rad8 25. Rc2 R1d3 26. e4 Kf8 27. Re1
Ke7 28. Ree2 Ke6 29. Kf2 Ke5 30. b3 Rd1 31. g3 g5 32. Ke3 R8d3+ 33. Kf2 f6 34.
Kg2 h5 35. Kf2 h4 36. Kg2 Rd7 37. Kf2 h3 38. Rc3 R7d2 39. Rc2 Rd3 40. Re3 Rh1
41. Ree2 Rxh2+ 42. Ke1 Re3 0-1

[Event "Ogolnopolska Olimpiada Mlodziezy C-12"]
[Site "Spala"]
[Date "1899-12-30"]
[Round "6.22"]
[White "Frank, Mateusz"]
[Black "Maciejewski, Kamil"]
[Result "0-1"]
[WhiteTitle "II"]
[BlackTitle "II+"]
[WhiteElo "1329"]
[BlackElo "1384"]

1. e4 e6 2. e5 d5 3. exd6 Bxd6 4. d4 Nf6 5. Nf3 O-O 6. Be2 c5 7. dxc5 Bxc5 8. O-O
Qb6 9. c3 Nc6 10. Bf4 Qxb2 11. Nbd2 Qxc3 12. Rc1 Qb4 13. Rc4 Qb6 14. Qc2 Be7 15.
Rb1 Qd8 16. Ne4 Nxe4 17. Qxe4 Bf6 18. Rd1 Qe8 19. Bd3 g6 20. Bh6 Bg7 21. Qh4 Bxh6
22. Qxh6 f6 23. Rh4 Qf7 24. Bc4 Rd8 25. Rxd8+ Nxd8 26. Nd4 Bd7 27. Bb5 Bxb5 28.
Nxb5 Nc6 29. h3 Rd8 30. Nc3 g5 31. Re4 Rd3 32. Nb5 a6 33. Nc7 Qxc7 34. Qxf6 Rd1+
35. Re1 Rxe1# 0-1

[Event "Ogolnopolska Olimpiada Mlodziezy C-12"]
[Site "Spala"]
[Date "1899-12-30"]
[Round "7.1"]
[White "Teclaf, Pawel"]
[Black "Szpar, Milosz"]
[Result "1-0"]
[WhiteTitle "CM"]
[BlackTitle "I"]
[WhiteElo "1917"]
[BlackElo "1798"]

1. e4 e5 2. Nf3 Nc6 3. Bb5 Nf6 4. O-O a6 5. Bxc6 dxc6 6. Nxe5 Be7 7. d3 O-O 8.
Nc3 Re8 9. f4 Bc5+ 10. Kh1 Qe7 11. Nf3 b5 12. a3 Bb7 13. Qe1 Rad8 14. Qg3 Kh8
15. e5 Nd5 16. d4 Bb6 17. f5 f6 18. Ne4 Bc8 19. Nh4 Bxd4 20. Ng6+ hxg6 21. Qh4+
Kg8 22. fxg6 Be6 23. Ng5 Qd7 24. Qh7+ Kf8 25. Qh8+ Bg8 26. exf6 gxf6 27. Nf7 Re4
28. Nxd8 Qxd8 29. Bh6+ Ke7 30. Rae1 Rxe1 31. Rxe1+ Kd7 32. Qg7+ Kc8 33. Rd1 Be5
34. h4 Bd6 35. Bc1 Bc5 36. Bf4 Be6 37. h5 f5 38. g3 Qe8 39. Be5 Bf8 40. Qh8 Bg8
41. Re1 Nf4 42. Qxg8 Nxh5 43. Qh7 Nf6 1-0

[Event "Ogolnopolska Olimpiada Mlodziezy C-12"]
[Site "Spala"]
[Date "1899-12-30"]
[Round "7.2"]
[White "Pacan-milej, Kosma"]
[Black "Kokoszczynski, Jan"]
[Result "0-1"]
[WhiteTitle "II+"]
[BlackTitle "I"]
[WhiteElo "1558"]
[BlackElo "1715"]

1. d4 g6 2. c4 Bg7 3. Nc3 c5 4. d5 Bxc3+ 5. bxc3 f5 6. h4 Nf6 7. h5 Rg8 8. hxg6
hxg6 9. Nf3 Qa5 10. Qc2 d6 11. Bg5 Nbd7 12. e3 Ne4 13. Rc1 Ndf6 14. Bd3 Bd7 15.
Bxe4 Nxe4 16. Rh7 Nf6 17. Bxf6 exf6 18. g4 O-O-O 19. g5 Rh8 20. Rxh8 Rxh8 21.
gxf6 Qd8 22. f7 Qe7 23. Ke2 Qxf7 24. Rg1 Qf6 25. Kd2 Rh3 26. Rg3 Rh5 27. Ne1 g5
28. f3 f4 29. Rg2 fxe3+ 30. Kxe3 Qf4+ 31. Kf2 Qxc4 32. Qg6 Rh1 33. Qd3 Qh4+ 34.
Rg3 Rxe1 0-1

[Event "Ogolnopolska Olimpiada Mlodziezy C-12"]
[Site "Spala"]
[Date "1899-12-30"]
[Round "7.3"]
[White "Mike, Patryk"]
[Black "Lis, Mateusz"]
[Result "0-1"]
[WhiteTitle "II+"]
[BlackTitle "I"]
[WhiteElo "1463"]
[BlackElo "1846"]

1. e4 c5 2. Nf3 Nc6 3. d4 cxd4 4. Nxd4 Nf6 5. Nc3 d6 6. Bg5 e6 7. Qd2 Be7 8. f3
a6 9. Be3 Nxd4 10. Qxd4 O-O 11. O-O-O b5 12. g4 Qc7 13. h4 Nd7 14. f4 Rb8 15.
Kb1 Nc5 16. f5 b4 17. Ne2 e5 18. Qc4 Bd7 19. Bxc5 dxc5 20. Qd3 Bb5 21. Qf3 c4
22. c3 Qa5 23. cxb4 Bxb4 24. a3 Bd2 25. Ka2 Ba4 26. Ra1 Bb3+ 27. Kb1 Qb6 28. Nc3
Bc2+ 29. Kxc2 Qxb2+ 30. Kd1 Bxc3 31. Ra2 Qb1+ 32. Ke2 Qe1# 0-1

[Event "Ogolnopolska Olimpiada Mlodziezy C-12"]
[Site "Spala"]
[Date "1899-12-30"]
[Round "7.4"]
[White "Kosakowski, Jakub"]
[Black "Kawaler, Adam"]
[Result "1-0"]
[WhiteTitle "I+"]
[BlackTitle "I"]
[WhiteElo "1953"]
[BlackElo "1647"]

1. e4 d6 2. d4 Nf6 3. Nc3 c6 4. f4 Qa5 5. Bd3 e5 6. Nf3 Bg4 7. Be3 Nbd7 8. O-O
Be7 9. h3 Bxf3 10. Qxf3 O-O 11. Ne2 Rac8 12. c3 a6 13. g4 c5 14. dxe5 dxe5 15.
g5 Ne8 16. f5 c4 17. Bc2 Bc5 18. Bxc5 Qxc5+ 19. Kh2 Rc6 20. Rad1 Qe7 21. f6 gxf6
22. Qg4 f5 23. exf5 Nc5 24. f6 Qc7 25. Bf5 e4+ 26. Ng3 Rb6 27. Qh5 Rxb2+ 28. Kh1
1-0

[Event "Ogolnopolska Olimpiada Mlodziezy C-12"]
[Site "Spala"]
[Date "1899-12-30"]
[Round "7.5"]
[White "Psyk, Radoslaw"]
[Black "Pytel, Maciej"]
[Result "1-0"]
[WhiteTitle "I+"]
[BlackTitle "I"]
[WhiteElo "1845"]
[BlackElo "1646"]

1. e4 c5 2. Nf3 d6 3. c3 Nf6 4. Be2 e6 5. O-O Be7 6. Re1 O-O 7. Bf1 Nc6 8. d4 d5
9. e5 Nd7 10. Bf4 Qb6 11. Na3 a6 12. Rb1 Re8 13. h4 cxd4 14. cxd4 Nf8 15. h5 Bd7
16. h6 g6 17. Nc2 Rac8 18. Bg5 Qd8 19. Bxe7 Nxe7 20. Ne3 Bc6 21. b4 Bb5 22. Bxb5
axb5 23. Qe2 Qb6 24. Rec1 Nd7 25. Ng4 Nf5 26. Rc5 Nxc5 27. Nf6+ Kh8 28. bxc5 Qc6
29. Nxe8 Qxe8 30. Qxb5 Qxb5 31. Rxb5 Rc7 32. a4 Nxh6 33. Nd2 Nf5 34. Nb3 h5 35.
Kf1 Kg8 36. Ke2 Kf8 37. Kd3 h4 38. Na5 g5 39. f3 Ne7 40. Nxb7 Ng6 41. Ke3 Nf4
42. Kf2 Nd3+ 43. Kf1 f5 44. exf6 e5 45. Nd6 1-0

[Event "Ogolnopolska Olimpiada Mlodziezy C-12"]
[Site "Spala"]
[Date "1899-12-30"]
[Round "7.6"]
[White "Kopaczewski, Adam"]
[Black "Nowak, Mikolaj"]
[Result "0-1"]
[WhiteTitle "II+"]
[BlackTitle "I"]
[WhiteElo "1575"]
[BlackElo "1711"]

1. e4 c6 2. d4 d5 3. e5 Bf5 4. h4 h6 5. g4 Bh7 6. e6 Qd6 7. exf7+ Kxf7 8. Nf3 Nd7
9. Bh3 e6 10. g5 Bf5 11. Qe2 Re8 12. Kd1 Ne7 13. c3 Qc7 14. Be3 Bxh3 15. Rxh3
Nf5 16. gxh6 gxh6 17. Nh2 Ke7 18. Nd2 Kd8 19. Rc1 Bd6 20. Nhf3 Rhg8 21. Kc2 Bf4
22. Rg1 Rxg1 23. Nxg1 Kc8 24. Ngf3 Bxe3 25. fxe3 e5 26. Qf2 e4 27. Nh2 Rf8 28.
Qg1 Qd6 29. Nhf1 Qe6 30. Rh2 Nf6 31. Nb3 Rg8 32. Rg2 Rxg2+ 33. Qxg2 Ng4 34. Qh3
Ngxe3+ 35. Kc1 Nxf1 36. Nc5 Qg6 37. Qxf1 b6 38. Qa6+ Kd8 39. Nb7+ Ke8 40. Qxa7
Qe6 41. Qxb6 e3 42. Nc5 e2 43. Qb8+ Kf7 44. Qc7+ Kg6 45. Nxe6 e1=Q+ 46. Kc2 Qxe6
47. a4 Qd6 48. Qxd6+ Nxd6 49. a5 Nc8 50. b4 Kf5 51. Kd3 Nd6 52. a6 Nc4 53. a7
Nb6 54. Kc2 Ke6 55. Kd2 Na8 56. Ke3 Kf5 57. c4 dxc4 58. Kd2 Ke4 59. Kc3 Kd5 60.
b5 cxb5 61. Kb4 Kxd4 0-1

[Event "Ogolnopolska Olimpiada Mlodziezy C-12"]
[Site "Spala"]
[Date "1899-12-30"]
[Round "7.7"]
[White "Pultorak, Jan"]
[Black "Strzelecki, Maciej"]
[Result "1-0"]
[WhiteTitle "I"]
[BlackTitle "II"]
[WhiteElo "1965"]
[BlackElo "1526"]

1. e4 c5 2. Nf3 e6 3. d4 cxd4 4. Nxd4 Nf6 5. Bd3 Nc6 6. Nxc6 dxc6 7. O-O Be7 8.
Nc3 O-O 9. f4 Qc7 10. e5 Nd5 11. Ne4 Qb6+ 12. Kh1 Nb4 13. Qe2 Nxd3 14. cxd3 Rd8
15. Be3 Qb5 16. Rad1 b6 17. Nc3 Qa6 18. Rf3 c5 19. Rh3 h6 20. g4 Kh7 21. Bf2 Qb7+
22. Kg1 Qc6 23. Ne4 Bb7 24. b3 f5 25. exf6 gxf6 26. g5 fxg5 27. fxg5 Bf8 28. g6+
Kh8 29. Bh4 Rd7 30. Bf6+ Kg8 31. Rf1 Rxd3 32. Qxd3 Qxe4 33. Qxe4 Bxe4 34. g7 Bxg7
35. Rg3 1-0

[Event "Ogolnopolska Olimpiada Mlodziezy C-12"]
[Site "Spala"]
[Date "1899-12-30"]
[Round "7.8"]
[White "Wierzbicki, Michal"]
[Black "Dabrowski, Damian"]
[Result "1/2-1/2"]
[WhiteTitle "II"]
[BlackTitle "II+"]
[WhiteElo "1438"]
[BlackElo "1627"]

1. d4 d5 2. Nf3 Bf5 3. Bf4 e6 4. e3 Nf6 5. Be2 Nbd7 6. O-O Nh5 7. Bg5 Be7 8. Bxe7
Qxe7 9. Ne5 Nhf6 10. Nxd7 Nxd7 11. Bd3 Bg6 12. c3 O-O 13. Bxg6 hxg6 14. Nd2 c5
15. Re1 Qd6 16. Nf3 Qb6 17. Qd2 Rac8 18. g3 Qd6 19. Kg2 Nf6 20. Ne5 Nd7 21. Nxd7
Qxd7 22. h4 f5 23. f4 c4 24. Rh1 Kf7 25. Qe2 Rh8 26. Qd2 Rh6 27. Qc2 Qc6 28. Kf2
Qd7 29. Kg2 Qc6 30. Kf2 Qd7 31. Kg2 Qc6 32. Kf2 Qd7 33. Kg2 1/2-1/2

[Event "Ogolnopolska Olimpiada Mlodziezy C-12"]
[Site "Spala"]
[Date "1899-12-30"]
[Round "7.9"]
[White "Golecki, Jan"]
[Black "Kozlowski, Pawel"]
[Result "0-1"]
[WhiteTitle "II"]
[BlackTitle "II"]
[WhiteElo "1555"]
[BlackElo "1577"]

1. e4 e6 2. d4 d5 3. Nd2 Nf6 4. e5 Ng8 5. Ndf3 b6 6. Bd3 Ba6 7. Bxa6 Nxa6 8. c3
Qd7 9. Ne2 h5 10. Qd3 Nb8 11. Nf4 Nc6 12. Ng5 O-O-O 13. O-O g6 14. Nfxe6 fxe6
15. Qxg6 Re8 16. Nf7 Nge7 17. Qf6 Rg8 18. Qh4 Ng6 19. Qf6 Be7 20. Qf3 Ref8 21.
Bh6 Qe8 22. Bxf8 Rxf8 23. Qxh5 Qxf7 24. a4 Rh8 25. Qg4 Rg8 26. Qh5 Rh8 27. Qg4
Nh4 28. Qe2 Qh7 29. h3 Nxg2 30. Qg4 Rg8 31. Qxe6+ Kb7 32. Kh2 Nf4 33. Qd7 Nb8
34. Qb5 0-1

[Event "Ogolnopolska Olimpiada Mlodziezy C-12"]
[Site "Spala"]
[Date "1899-12-30"]
[Round "7.10"]
[White "Wloch, Mikolaj"]
[Black "Mis, Mieszko"]
[Result "0-1"]
[WhiteTitle "II"]
[BlackTitle "I"]
[WhiteElo "1455"]
[BlackElo "1619"]

1. e4 e6 2. d4 d5 3. Nd2 Nf6 4. e5 Nfd7 5. c3 c5 6. Bd3 Nc6 7. Ne2 cxd4 8. cxd4
f6 9. exf6 Nxf6 10. O-O Bd6 11. Nf3 Qc7 12. Bg5 O-O 13. Nc3 a6 14. Bh4 g6 15.
Bg3 Bxg3 16. hxg3 Qg7 17. Rc1 Bd7 18. Bb1 b5 19. a3 Na5 20. Ne5 Nc4 21. Nxc4 bxc4
22. Qe2 Rab8 23. Ba2 Rb6 24. Rb1 Rfb8 25. Rfe1 Ne8 26. Qd2 Nd6 27. Red1 Nf5 28.
Ne2 Ba4 29. Rdc1 Qh6 30. Qa5 Bd7 31. Qc3 Nd6 32. b3 Ne4 33. Qc2 cxb3 34. Rxb3
Rxb3 35. Bxb3 Bb5 36. Qc7 Rf8 37. Nf4 g5 38. Nxe6 Qxe6 39. f3 Nd2 40. Bc2 Qe3+
41. Kh2 Bd3 42. Bxd3 Qxd3 43. Qe5 Qf5 44. Qe7 Nc4 45. g4 Qf4+ 0-1

[Event "Ogolnopolska Olimpiada Mlodziezy C-12"]
[Site "Spala"]
[Date "1899-12-30"]
[Round "7.11"]
[White "Poziomkowski, Szymon"]
[Black "Polczyk, Mikolaj"]
[Result "1-0"]
[WhiteTitle "II+"]
[BlackTitle "II+"]
[WhiteElo "1431"]
[BlackElo "1594"]

1. e4 Nf6 2. e5 Nd5 3. d4 d6 4. c4 Nb6 5. exd6 cxd6 6. Nc3 g6 7. Nf3 Bg7 8. Be2
O-O 9. O-O Nc6 10. Be3 Bg4 11. c5 dxc5 12. dxc5 Nd7 13. h3 Bf5 14. Nh4 e5 15.
Nxf5 gxf5 16. f4 exf4 17. Bxf4 Nxc5 18. Qe1 Nd4 19. Qg3 Nxe2+ 20. Nxe2 Ne4 21.
Qb3 Qa5 22. Kh1 Rac8 23. Ng3 Rfe8 24. Nxe4 Rxe4 25. Qxb7 Rce8 26. Rad1 Qc5 27.
Qd5 Qxd5 28. Rxd5 Ra4 29. Rxf5 Rxa2 30. Bc1 Bxb2 31. Bxb2 Rxb2 32. Rxf7 Ra2 33.
Rb7 a5 34. Rff7 h5 35. Rg7+ Kh8 36. Rh7+ Kg8 37. Rxh5 a4 38. Rhh7 a3 39. Rbg7+
Kf8 40. Ra7 Ra1+ 41. Kh2 a2 42. Rh8# 1-0

[Event "Ogolnopolska Olimpiada Mlodziezy C-12"]
[Site "Spala"]
[Date "1899-12-30"]
[Round "7.12"]
[White "Pniaczek, Marek"]
[Black "Zolkiewski, Jakub"]
[Result "1-0"]
[WhiteTitle "II"]
[BlackTitle "II"]
[WhiteElo "1527"]
[BlackElo "1504"]

1. e4 e6 2. c4 c6 3. d4 d5 4. exd5 exd5 5. Nf3 Bf5 6. cxd5 cxd5 7. Bb5+ Bd7 8.
Bxd7+ Nxd7 9. O-O Ngf6 10. Nc3 Be7 11. Bg5 O-O 12. Re1 h6 13. Bh4 Re8 14. Qb3
Qa5 15. Ne5 Nxe5 16. Rxe5 Qb4 17. Qxb4 Bxb4 18. Bxf6 Bxc3 19. bxc3 gxf6 20. Rxd5
Rac8 21. Rc1 Rxc3 22. Rb1 Ra3 23. g3 b6 24. Rb2 Kg7 25. Kf1 Re4 26. Rd2 Ra4 27.
Rd8 f5 28. Rd7 Kf6 29. d5 Rad4 30. Rc2 Re7 31. Rc6+ Re6 32. dxe6 Rxd7 33. exd7+
Ke7 34. Rd6 Kd8 35. f4 h5 36. h4 b5 37. Ke2 a5 38. Kd3 b4 39. Kc4 f6 40. Kb5 b3
41. axb3 a4 42. bxa4 1-0

[Event "Ogolnopolska Olimpiada Mlodziezy C-12"]
[Site "Spala"]
[Date "1899-12-30"]
[Round "7.13"]
[White "Szczurek, Krzysztof"]
[Black "Ochowicz, Jakub"]
[Result "1-0"]
[WhiteTitle "I"]
[BlackTitle "II"]
[WhiteElo "1775"]
[BlackElo "1713"]

1. e4 c5 2. c3 Nf6 3. e5 Nd5 4. d4 cxd4 5. Qxd4 e6 6. Nf3 Nc6 7. Qe4 d6 8. Bb5
Bd7 9. exd6 Bxd6 10. O-O Nf6 11. Qc2 a6 12. Bd3 O-O 13. Rd1 Qc7 14. Bg5 h6 15.
Bxf6 gxf6 16. Qd2 Bf4 17. Qe2 Rad8 18. g3 Bd6 19. Bc2 Bc5 20. Nbd2 f5 21. Nb3
Ba7 22. Rd3 Ne7 23. Qd2 Kg7 24. Rd1 Qb6 25. c4 Bc6 26. c5 Rxd3 27. Qxd3 Qc7 28.
Nfd4 Bd5 29. Qc3 Kg8 30. Qe3 Kg7 31. Qc3 f6 32. Re1 Qd7 33. Qd2 Re8 34. h3 Nc6
35. Nxc6 Qxc6 36. Nd4 Qxc5 37. Nxf5+ exf5 38. Rxe8 Qc6 39. Rd8 Be6 40. Rd6 Qf3
41. Rxe6 Qxg3+ 42. Kf1 Qxh3+ 43. Ke2 Qg4+ 44. Kf1 Qh3+ 45. Ke1 Qh1+ 46. Ke2 Qh5+
47. f3 Qh2+ 48. Kd1 Qh1+ 49. Re1 Qxf3+ 50. Kc1 f4 51. Qd7+ Kf8 52. Re8# 1-0

[Event "Ogolnopolska Olimpiada Mlodziezy C-12"]
[Site "Spala"]
[Date "1899-12-30"]
[Round "7.14"]
[White "Gozdzicki, Maciej"]
[Black "Lipiak, Mateusz"]
[Result "0-1"]
[WhiteTitle "II"]
[BlackTitle "I"]
[WhiteElo "1373"]
[BlackElo "1489"]

1. d4 e6 2. e4 d5 3. Nd2 Be7 4. e5 c5 5. Ngf3 Nc6 6. dxc5 Bxc5 7. Nb3 Bb6 8. Bd3
f6 9. Qe2 fxe5 10. Nxe5 Nxe5 11. Qxe5 Nf6 12. Bb5+ Kf7 13. O-O Rf8 14. Bd3 Kg8
15. Bg5 Bc7 16. Qe2 Qd6 17. f4 Bd7 18. Bh4 Rae8 19. Bg3 Bc6 20. Rad1 Qd7 21. Kh1
Qf7 22. Be1 Bd6 23. c4 dxc4 24. Bxc4 Nd5 25. Nd4 Nxf4 26. Nxc6 Nxe2 27. Rxf7 Rxf7
28. Bxe2 Ref8 29. Kg1 Bc5+ 30. Nd4 e5 31. Bc4 Bxd4+ 32. Kh1 Rc8 33. Bxf7+ Kxf7
34. g3 Ke6 35. Kg2 Rc2+ 36. Rd2 Rxd2+ 37. Bxd2 Bxb2 38. Kf3 Bd4 39. Ke4 b5 40.
Bb4 Bb6 41. Bc3 Bc7 42. a3 Bd6 43. Bb2 a5 44. g4 g6 45. Bc1 b4 46. axb4 Bxb4 47.
Bb2 Bd6 48. h3 a4 49. Bc3 a3 50. Ba1 Bb8 51. Bc3 Bd6 52. Ba1 Be7 53. Bc3 Bf6 54.
Ba1 Kd6 55. Kd3 Kd5 56. Ke3 Be7 57. Kd3 Bc5 58. Bc3 e4+ 59. Ke2 Bd4 0-1

[Event "Ogolnopolska Olimpiada Mlodziezy C-12"]
[Site "Spala"]
[Date "1899-12-30"]
[Round "7.15"]
[White "Bujalski, Mateusz"]
[Black "Posluszny, Tomasz"]
[Result "0-1"]
[WhiteTitle "II"]
[BlackTitle "II"]
[WhiteElo "1474"]
[BlackElo "1451"]

1. f4 Nf6 2. Nf3 g6 3. g3 Bg7 4. Bg2 O-O 5. d3 d5 6. O-O c6 7. Nbd2 Qb6+ 8. d4
Ne4 9. Nb3 Nd7 10. c3 Qc7 11. Nbd2 Ndf6 12. Nxe4 Nxe4 13. Nd2 Nxd2 14. Bxd2 Bd7
15. e4 dxe4 16. Bxe4 Be6 17. f5 Bd5 18. Bc2 c5 19. Be3 cxd4 20. Bxd4 Qd7 21. Bxg7
Kxg7 22. Qd4+ Kg8 23. Rad1 Rfd8 24. Bb3 e6 25. c4 Bc6 26. Qh4 Qc7 27. c5 exf5
28. Rxd8+ Rxd8 29. Bxf7+ Kg7 30. Bb3 Be4 31. Qf4 Qxc5+ 32. Rf2 Qd6 33. Qxd6 Rxd6
34. Kf1 g5 35. Ke1 h6 36. Bc2 Bxc2 37. Rxc2 Rd7 38. Kf2 Kf6 39. Kf3 h5 40. h3
a6 41. b3 g4+ 42. hxg4 hxg4+ 43. Kf2 Kg5 44. Kg2 Rd6 45. Kf2 b6 46. Ke3 Re6+ 47.
Kf2 f4 48. gxf4+ Kxf4 49. Rc4+ Re4 50. Rc6 g3+ 51. Kf1 Kf3 52. Rc3+ Re3 53. Rc2
Rd3 54. Rc1 b5 55. Rb1 b4 56. Rc1 a5 57. Rb1 g2+ 58. Kg1 Rd4 59. Rc1 Rh4 60. Rc4
Rh1# 0-1

[Event "Ogolnopolska Olimpiada Mlodziezy C-12"]
[Site "Spala"]
[Date "1899-12-30"]
[Round "7.16"]
[White "Wegrzyniak, Pawel"]
[Black "Wilk, Radoslaw"]
[Result "1-0"]
[WhiteTitle "II+"]
[BlackTitle "II"]
[WhiteElo "1472"]
[BlackElo "1422"]

1. e4 Nf6 2. e5 Nd5 3. c4 Nb6 4. d4 d6 5. exd6 exd6 6. Nf3 Bf5 7. Be2 N8d7 8. O-O
Be7 9. Be3 Bf6 10. Nc3 c6 11. Bf4 Nf8 12. d5 Ng6 13. Bg3 Bxc3 14. bxc3 c5 15.
a4 O-O 16. a5 Nc8 17. a6 bxa6 18. Rxa6 Rb8 19. Bd3 Bxd3 20. Qxd3 Re8 21. Rfa1
Rb2 22. h3 Ree2 23. Rb1 Qe7 24. Rxb2 Rxb2 25. Rc6 Qd7 26. Ng5 Ra2 27. Qb1 Ra5
28. Qb8 Nge7 29. Rc7 Qe8 30. Bxd6 Nxd6 31. Qxe8+ Nxe8 32. Rxe7 Nf6 33. Rc7 g6
34. Kh2 h6 35. Nxf7 Ne4 36. d6 Nxd6 37. Nxd6 1-0

[Event "Ogolnopolska Olimpiada Mlodziezy C-12"]
[Site "Spala"]
[Date "1899-12-30"]
[Round "7.17"]
[White "Maciejewski, Kamil"]
[Black "Majocha, Piotr"]
[Result "0-1"]
[WhiteTitle "II+"]
[BlackTitle "II"]
[WhiteElo "1384"]
[BlackElo "1462"]

1. e4 e6 2. d4 d5 3. Nc3 dxe4 4. Nxe4 Bd7 5. Nf3 Bc6 6. Bd3 Nd7 7. Bf4 Ngf6 8.
Nc3 Be7 9. Bg3 O-O 10. Nb5 Bxb5 11. Bxb5 c6 12. Bd3 Re8 13. c3 Qb6 14. Qc2 a5
15. O-O-O Qa7 16. h4 b5 17. Bf4 b4 18. Bd2 Reb8 19. g4 bxc3 20. Bxc3 Nf8 21. g5
Nd5 22. Ne5 Qb7 23. Rdg1 Bb4 24. Bxb4 Nxb4 25. Qb1 Nxd3+ 26. Nxd3 Qd7 27. Rg4
Qd5 28. Kd2 Nd7 29. a3 c5 30. dxc5 Nxc5 31. Rg3 Ne4+ 32. Ke3 Nxg3 33. fxg3 Rd8
34. Rd1 Qd4+ 35. Ke2 Qe4+ 36. Kf2 Rab8 37. Nc5 Qxb1 38. Rxb1 Rd2+ 39. Ke3 Rbxb2
40. Rxb2 Rxb2 41. a4 Rb4 42. Kd3 Kf8 43. Nd7+ Ke7 44. Nc5 Kd6 45. Ne4+ Rxe4 46.
Kxe4 f6 47. gxf6 gxf6 48. g4 h6 49. Kd4 Kc6 50. h5 Kd6 51. Ke4 Kc5 52. Ke3 Kd5
53. Kd3 e5 54. Ke3 e4 55. Kf4 Kd4 56. Kf5 e3 57. Kxf6 e2 58. Kg6 e1=Q 59. Kxh6
Qe6+ 60. Kg5 Ke5 61. h6 Qf6+ 62. Kh5 Kf4 63. h7 Qg5# 0-1

[Event "Ogolnopolska Olimpiada Mlodziezy C-12"]
[Site "Spala"]
[Date "1899-12-30"]
[Round "7.18"]
[White "Manka, Mateusz"]
[Black "Janczak, Dominik"]
[Result "1/2-1/2"]
[WhiteTitle "II"]
[BlackTitle "II"]
[WhiteElo "1460"]
[BlackElo "1336"]

1. e4 Nf6 2. e5 Nd5 3. d4 d6 4. c4 Nb6 5. exd6 cxd6 6. Nc3 g6 7. Be3 Bg7 8. Rc1
Nc6 9. Be2 O-O 10. b3 Bf5 11. Nf3 Bg4 12. h3 Bxf3 13. Bxf3 e6 14. O-O d5 15. c5
Nd7 16. Qd2 Re8 17. Rfd1 Nf6 18. Nb5 Qd7 19. Nd6 Reb8 20. Bf4 Rd8 21. Qc3 Ne8
22. b4 Nxd6 23. Bxd6 Rac8 24. Qb2 Qe8 25. Bf4 Qe7 26. b5 Nxd4 27. Rxd4 Rxc5 28.
Rxc5 Qxc5 29. Be3 Bxd4 30. Bxd4 Qc4 31. Be2 Qa4 32. Kh2 Rc8 33. Bd3 b6 34. Bh8
Qf4+ 35. g3 Qh6 36. Qf6 Rc1 37. h4 Rd1 38. Be2 Rd2 39. Bg4 Rxa2 40. Bxe6 fxe6
41. Qxe6+ Kxh8 42. Qf6+ Kg8 43. Qe6+ Kg7 44. Qe7+ Kg8 45. Qe6+ Kf8 46. Qf6+ Ke8
47. Qe6+ Kf8 48. Qf6+ Kg8 49. Qe6+ Kg7 50. Qe7+ Kg8 51. Qe6+ Kh8 52. Qf6+ Qg7
53. Qd8+ Qg8 54. Qf6+ Qg7 55. Qd8+ Qg8 56. Qf6+ Qg7 1/2-1/2

[Event "Ogolnopolska Olimpiada Mlodziezy C-12"]
[Site "Spala"]
[Date "1899-12-30"]
[Round "7.20"]
[White "Baran, Mateusz"]
[Black "Twardowski, Hubert"]
[Result "0-1"]
[WhiteTitle "II"]
[BlackTitle "II"]
[WhiteElo "1377"]
[BlackElo "1450"]

1. e4 e5 2. Nf3 Nc6 3. Bc4 Nf6 4. d3 Bc5 5. Be3 Bb6 6. Nc3 d6 7. h3 Bd7 8. Bb3
Be6 9. Qd2 h6 10. O-O-O d5 11. exd5 Nxd5 12. Bxd5 Bxd5 13. Nxd5 Qxd5 14. Kb1 O-O-O
15. Rhe1 Rhe8 16. Bxb6 axb6 17. a3 f6 18. Qe3 g5 19. g3 Re7 20. g4 Rde8 21. Nd2
Qe6 22. f3 f5 23. Nb3 Qd7 24. Nd2 Nd4 25. Rc1 c5 26. Nc4 Kc7 27. c3 Nb3 28. Rcd1
b5 29. Nd2 Nxd2+ 30. Rxd2 b6 31. Red1 Rd8 32. Ka1 Ree8 33. Kb1 Re7 34. Ka1 f4
35. Qe4 Qd5 36. Qe2 Red7 37. Qf1 Kc6 38. Qe2 Kc7 39. Qf1 c4 40. dxc4 Qxc4 41.
Rxd7+ Rxd7 42. Rxd7+ Kxd7 43. Qb1 e4 44. fxe4 Ke6 45. e5 Kxe5 46. Qf5+ Kd6 47.
Qf6+ Qe6 48. Qd8+ Kc6 49. Qa8+ Kc5 50. Qf8+ Kc4 51. Qb4+ Kd3 52. Qxb5+ Qe3 53.
Qb4 0-1

[Event "Ogolnopolska Olimpiada Mlodziezy C-12"]
[Site "Spala"]
[Date "1899-12-30"]
[Round "7.22"]
[White "Frank, Mateusz"]
[Black "Pijewski, Milosz"]
[Result "0-1"]
[WhiteTitle "II"]
[BlackTitle "II"]
[WhiteElo "1329"]
[BlackElo "1572"]

1. e4 c6 2. d4 d5 3. exd5 cxd5 4. c4 Nf6 5. Nc3 e6 6. Nf3 Nc6 7. Qc2 a6 8. a3 Bd6
9. Bg5 Be7 10. c5 O-O 11. Bd3 h6 12. Bh4 b6 13. b4 Bd7 14. O-O Qc7 15. Rfc1 Rfc8
16. Rab1 bxc5 17. bxc5 Na5 18. Bg3 Qd8 19. Na4 Bxa4 20. Qxa4 Nc6 21. Rb6 Nb8 22.
Rcb1 Nfd7 23. R6b3 Nc6 24. Rb7 Bxc5 25. Rxd7 Qxd7 26. dxc5 Ne5 27. Qc2 Nxd3 28.
Qxd3 Rxc5 29. h3 a5 30. Ne5 Qe7 31. Qd4 Rac8 32. Nd3 Rc4 33. Qb2 Rc3 34. Ne5 Qxa3
35. Qb7 R3c7 36. Qa6 Rc1+ 37. Rxc1 Rxc1+ 38. Kh2 Qa1 39. Qa8+ Kh7 40. Bf4 Rh1+
41. Kg3 g5 0-1

[Event "Ogolnopolska Olimpiada Mlodziezy C-12"]
[Site "Spala"]
[Date "1899-12-30"]
[Round "7.23"]
[White "Ciesielski, Maciej"]
[Black "Fus, Jakub"]
[Result "1/2-1/2"]
[WhiteTitle "II"]
[BlackTitle "II"]
[WhiteElo "1201"]
[BlackElo "1429"]

1. f4 Nf6 2. d3 d5 3. e3 g6 4. g3 Bg7 5. Bg2 O-O 6. Nf3 Nbd7 7. O-O c6 8. Nc3 Qc7
9. Bd2 e5 10. fxe5 Nxe5 11. Nxe5 Qxe5 12. e4 d4 13. Bf4 Qe7 14. Ne2 c5 15. c3
dxc3 16. bxc3 Rd8 17. Qc2 Ng4 18. Rad1 f5 19. exf5 Bxf5 20. Rfe1 Qf7 21. c4 Nf6
22. Nc1 Rac8 23. Qb3 b6 24. Bg5 Re8 25. Bxf6 Qxf6 26. Bd5+ Be6 27. Bg2 Rf8 28.
Rxe6 Qf2+ 29. Kh1 Rce8 30. Rxe8 Rxe8 31. Rf1 Re1 32. Bd5+ Kh8 33. Rxe1 Qxe1+ 34.
Kg2 Qxc1 35. h4 Qe1 36. Qa4 Qe2+ 37. Kh3 Qf1+ 38. Kh2 Qf2+ 39. Bg2 Qf7 40. Qc6
Be5 41. Qc8+ Kg7 42. Qg4 1/2-1/2

[Event "Ogolnopolska Olimpiada Mlodziezy C-12"]
[Site "Spala"]
[Date "1899-12-30"]
[Round "8.1"]
[White "Lis, Mateusz"]
[Black "Teclaf, Pawel"]
[Result "1/2-1/2"]
[WhiteTitle "I"]
[BlackTitle "CM"]
[WhiteElo "1846"]
[BlackElo "1917"]

1. e4 c5 2. Nf3 e6 3. d4 cxd4 4. Nxd4 Nf6 5. Nc3 d6 6. Be3 a6 7. g4 h5 8. g5 Ng4
9. Bc1 Qb6 10. h3 Ne5 11. Nb3 Nbc6 12. Be3 Qc7 13. f4 Nd7 14. g6 fxg6 15. Qd2
Be7 16. O-O-O b5 17. Rg1 g5 18. Qg2 Nb6 19. Nd4 Nxd4 20. Bxd4 O-O 21. Qe2 b4 22.
Nb1 Bb7 23. e5 Rac8 24. exd6 Bxd6 25. Qxe6+ Rf7 26. Bd3 Bxf4+ 27. Nd2 Nc4 28.
Bg6 Nxd2 29. Rxd2 Bxd2+ 30. Kxd2 Qf4+ 31. Be3 Rd8+ 32. Kc1 Qf6 33. Qxf7+ Qxf7
34. Bxf7+ Kxf7 35. Bxg5 Rd5 36. h4 a5 37. Re1 Bc8 38. Re7+ Kg6 39. Rc7 Bg4 40.
Rc6+ Kf7 41. c3 Rd1+ 42. Kc2 1/2-1/2

[Event "Ogolnopolska Olimpiada Mlodziezy C-12"]
[Site "Spala"]
[Date "1899-12-30"]
[Round "8.2"]
[White "Kokoszczynski, Jan"]
[Black "Kosakowski, Jakub"]
[Result "0-1"]
[WhiteTitle "I"]
[BlackTitle "I+"]
[WhiteElo "1715"]
[BlackElo "1953"]

1. c4 e5 2. g3 Nf6 3. Bg2 d5 4. cxd5 Nxd5 5. Nc3 Nb6 6. Nf3 Nc6 7. d3 Be7 8. O-O
O-O 9. Be3 Be6 10. Rc1 f6 11. Nd2 Qd7 12. a3 a5 13. Nce4 Nd5 14. Nc5 Bxc5 15.
Bxc5 Rfe8 16. Qc2 Rac8 17. e4 Nde7 18. Rfd1 Red8 19. Nf1 b6 20. Bxe7 Nxe7 21.
Ne3 c5 22. Nc4 Qc7 23. b4 cxb4 24. Qb1 Nc6 25. axb4 axb4 26. Ne3 Qe7 27. Nd5 Bxd5
28. exd5 Nd4 29. Re1 b3 30. Rc4 Rxc4 31. dxc4 Qb4 32. f4 b2 33. fxe5 fxe5 34.
Rxe5 Ra8 35. d6 Ra1 36. Bd5+ Kf8 37. d7 Rxb1+ 38. Kg2 Qe7 39. Rh5 0-1